000 00667nam a2200229Ia 4500
003 OSt
005 20220926005600.0
006 a|||||r|||| 00| 0
007 ta
008 220923b |||||||| |||| 00| 0 eng d
020 _c40 00
037 _b-, 16/11/1987, Sultan
_cGeneral Book
040 _aRTL
_cRTL
_beng
041 _2eng
_aeng
082 _aX:58.2.N7, L8;M6
100 _aAdhikary M
245 0 _aEconomics environment of buisness
260 _a New Delhi
_bSultan Chand & Sons Publishers
_c1986
300 _a2.415p
_ccm.
942 _hX:58.2.N7, L8;M6
_cGB
_2CC
999 _c614413
_d614413